Ako sa pripraviť na euro
Z obsahu: Náklady na euro si každý zaplatí sám. Podnikatelia sa s prípravami neponáhľajú. Euromena už v slovenskej ekonomike naberá na obrátkach. Na čo by mali podnikatelia myslieť. Anketa o zavádzaní eura. Dodávatelia softvéru: Chýbajú informácie od štátu. Príchod roku 2009 oslávia mnohí bankári v...
Na minha lista:
| Autor principal: | |
|---|---|
| Formato: | Capítulo de Livro |
| Idioma: | eslovaco |
| Assuntos: | |
| Tags: |
Sem tags, seja o primeiro a adicionar uma tag!
|
MARC
| LEADER | 00000naa$a2200000$$$4500 | ||
|---|---|---|---|
| 001 | 0029539 | ||
| 005 | 20231009081305.2 | ||
| 041 | 0 | |a slo | |
| 044 | |a SK | ||
| 245 | 1 | 0 | |a Ako sa pripraviť na euro |c Tatiana Lichnerová ... [ et al. ] |
| 520 | |a Z obsahu: Náklady na euro si každý zaplatí sám. Podnikatelia sa s prípravami neponáhľajú. Euromena už v slovenskej ekonomike naberá na obrátkach. Na čo by mali podnikatelia myslieť. Anketa o zavádzaní eura. Dodávatelia softvéru: Chýbajú informácie od štátu. Príchod roku 2009 oslávia mnohí bankári v práci. Najviac povinností s eurom budú mať banky. | ||
| 610 | 2 | 0 | |a euro |
| 610 | 2 | 0 | |a euromena |
| 610 | 2 | 0 | |a podnikatelia |
| 610 | 2 | 0 | |a firmy |
| 610 | 2 | 0 | |a banky |
| 610 | 2 | 0 | |a softvér |
| 610 | 2 | 0 | |a ankety |
| 610 | 2 | 0 | |a 2009 |
| 100 | 1 | |a Lichnerová, Tatiana | |